<?xml version="1.0" encoding="UTF-8"?>
<record
    xmlns:xsi="http://www.w3.org/2001/XMLSchema-instance"
    xsi:schemaLocation="http://www.loc.gov/MARC21/slim http://www.loc.gov/standards/marcxml/schema/MARC21slim.xsd"
    xmlns="http://www.loc.gov/MARC21/slim">

  <leader>00853nas a2200241 454500</leader>
  <controlfield tag="001">32150</controlfield>
  <controlfield tag="005">20260407193508.0</controlfield>
  <controlfield tag="008">260407s1973####ag###########|||spa#d</controlfield>
  <controlfield tag="003">AR-UNSa-BCEJYS</controlfield>
  <datafield tag="040" ind1=" " ind2=" ">
    <subfield code="a">AR-UNSa-BCEJYS</subfield>
    <subfield code="b">spa</subfield>
    <subfield code="c">AR-UNSa-BCEJYS</subfield>
  </datafield>
  <datafield tag="080" ind1=" " ind2=" ">
    <subfield code="a">311.3</subfield>
    <subfield code="x">Organizaci&#xF3;n general de las estadisticas. Estad&#xED;stica oficial</subfield>
  </datafield>
  <datafield tag="245" ind1="1" ind2="0">
    <subfield code="a">Costo de la construcci&#xF3;n. Capital Federal</subfield>
    <subfield code="p">Estad&#xED;stica mensual</subfield>
  </datafield>
  <datafield tag="264" ind1=" " ind2="1">
    <subfield code="a">Buenos Aires :</subfield>
    <subfield code="b">INDEC</subfield>
    <subfield code="c">1973</subfield>
  </datafield>
  <datafield tag="310" ind1=" " ind2=" ">
    <subfield code="a">Frecuencia: Mensual</subfield>
  </datafield>
  <datafield tag="041" ind1=" " ind2=" ">
    <subfield code="a">spa</subfield>
  </datafield>
  <datafield tag="942" ind1=" " ind2=" ">
    <subfield code="c">SER</subfield>
  </datafield>
  <datafield tag="590" ind1=" " ind2=" ">
    <subfield code="a">niveau_biblio:s niveau_hierar:1</subfield>
  </datafield>
  <datafield tag="100" ind1="1" ind2=" ">
    <subfield code="a">Instituto Nacional de Estad&#xED;stica y Censos (INDEC)</subfield>
  </datafield>
  <datafield tag="650" ind1=" " ind2=" ">
    <subfield code="a">ESTADISTICA</subfield>
  </datafield>
  <datafield tag="650" ind1=" " ind2=" ">
    <subfield code="a">Costos de construcci&#xF3;n</subfield>
  </datafield>
  <datafield tag="650" ind1=" " ind2=" ">
    <subfield code="a">Datos estad&#xED;sticos</subfield>
  </datafield>
  <datafield tag="856" ind1="4" ind2="1">
    <subfield code="u">https://biblioeco.unsa.edu.ar/pmb/images/libros/costocontru_indec.jpg</subfield>
    <subfield code="y">Imagen de portada</subfield>
    <subfield code="q">image/jpeg</subfield>
  </datafield>
  <datafield tag="999" ind1=" " ind2=" ">
    <subfield code="c">8720</subfield>
    <subfield code="d">8720</subfield>
  </datafield>
  <datafield tag="952" ind1=" " ind2=" ">
    <subfield code="0">0</subfield>
    <subfield code="1">0</subfield>
    <subfield code="4">0</subfield>
    <subfield code="7">0</subfield>
    <subfield code="a">BCEJYS</subfield>
    <subfield code="b">BCEJYS</subfield>
    <subfield code="c">17</subfield>
    <subfield code="d">1984-12-01</subfield>
    <subfield code="h">N&#xBA; 144 - dic. 1984</subfield>
    <subfield code="l">0</subfield>
    <subfield code="o">H311.3 CAP 144</subfield>
    <subfield code="p">R15829</subfield>
    <subfield code="r">2026-04-10 16:09:15</subfield>
    <subfield code="w">2026-04-10</subfield>
    <subfield code="y">RN</subfield>
  </datafield>
  <datafield tag="952" ind1=" " ind2=" ">
    <subfield code="0">0</subfield>
    <subfield code="1">0</subfield>
    <subfield code="4">0</subfield>
    <subfield code="7">0</subfield>
    <subfield code="a">BCEJYS</subfield>
    <subfield code="b">BCEJYS</subfield>
    <subfield code="c">17</subfield>
    <subfield code="d">1982-06-01</subfield>
    <subfield code="h">N&#xBA; 114 - jun. 1982</subfield>
    <subfield code="l">0</subfield>
    <subfield code="o">H311.3 CAP 114</subfield>
    <subfield code="p">R15828</subfield>
    <subfield code="r">2026-04-10 16:09:15</subfield>
    <subfield code="w">2026-04-10</subfield>
    <subfield code="y">RN</subfield>
  </datafield>
  <datafield tag="952" ind1=" " ind2=" ">
    <subfield code="0">0</subfield>
    <subfield code="1">0</subfield>
    <subfield code="4">0</subfield>
    <subfield code="7">0</subfield>
    <subfield code="a">BCEJYS</subfield>
    <subfield code="b">BCEJYS</subfield>
    <subfield code="c">17</subfield>
    <subfield code="d">1982-05-01</subfield>
    <subfield code="h">N&#xBA; 113 - mayo 1982</subfield>
    <subfield code="l">0</subfield>
    <subfield code="o">H311.3 CAP 113</subfield>
    <subfield code="p">R15827</subfield>
    <subfield code="r">2026-04-10 16:09:15</subfield>
    <subfield code="w">2026-04-10</subfield>
    <subfield code="y">RN</subfield>
  </datafield>
  <datafield tag="952" ind1=" " ind2=" ">
    <subfield code="0">0</subfield>
    <subfield code="1">0</subfield>
    <subfield code="4">0</subfield>
    <subfield code="7">0</subfield>
    <subfield code="a">BCEJYS</subfield>
    <subfield code="b">BCEJYS</subfield>
    <subfield code="c">17</subfield>
    <subfield code="d">1982-04-01</subfield>
    <subfield code="h">N&#xBA; 112 - abr. 1982</subfield>
    <subfield code="l">0</subfield>
    <subfield code="o">H311.3 CAP 112</subfield>
    <subfield code="p">R15826</subfield>
    <subfield code="r">2026-04-10 16:09:15</subfield>
    <subfield code="w">2026-04-10</subfield>
    <subfield code="y">RN</subfield>
  </datafield>
  <datafield tag="952" ind1=" " ind2=" ">
    <subfield code="0">0</subfield>
    <subfield code="1">0</subfield>
    <subfield code="4">0</subfield>
    <subfield code="7">0</subfield>
    <subfield code="a">BCEJYS</subfield>
    <subfield code="b">BCEJYS</subfield>
    <subfield code="c">17</subfield>
    <subfield code="d">1981-06-01</subfield>
    <subfield code="h">N&#xBA; 102 - jun. 1981</subfield>
    <subfield code="l">0</subfield>
    <subfield code="o">H311.3 CAP 102</subfield>
    <subfield code="p">R15825</subfield>
    <subfield code="r">2026-04-10 16:09:15</subfield>
    <subfield code="w">2026-04-10</subfield>
    <subfield code="y">RN</subfield>
  </datafield>
  <datafield tag="952" ind1=" " ind2=" ">
    <subfield code="0">0</subfield>
    <subfield code="1">0</subfield>
    <subfield code="4">0</subfield>
    <subfield code="7">0</subfield>
    <subfield code="a">BCEJYS</subfield>
    <subfield code="b">BCEJYS</subfield>
    <subfield code="c">17</subfield>
    <subfield code="d">1981-05-01</subfield>
    <subfield code="h">N&#xBA; 101 - mayo 1981</subfield>
    <subfield code="l">0</subfield>
    <subfield code="o">H311.3 CAP 101</subfield>
    <subfield code="p">R15824</subfield>
    <subfield code="r">2026-04-10 16:09:15</subfield>
    <subfield code="w">2026-04-10</subfield>
    <subfield code="y">RN</subfield>
  </datafield>
  <datafield tag="952" ind1=" " ind2=" ">
    <subfield code="0">0</subfield>
    <subfield code="1">0</subfield>
    <subfield code="4">0</subfield>
    <subfield code="7">0</subfield>
    <subfield code="a">BCEJYS</subfield>
    <subfield code="b">BCEJYS</subfield>
    <subfield code="c">17</subfield>
    <subfield code="d">1980-03-01</subfield>
    <subfield code="h">N&#xBA; 87 - mar. 1980</subfield>
    <subfield code="l">0</subfield>
    <subfield code="o">H311.3 CAP 87</subfield>
    <subfield code="p">R15823</subfield>
    <subfield code="r">2026-04-10 16:09:15</subfield>
    <subfield code="w">2026-04-10</subfield>
    <subfield code="y">RN</subfield>
  </datafield>
  <datafield tag="952" ind1=" " ind2=" ">
    <subfield code="0">0</subfield>
    <subfield code="1">0</subfield>
    <subfield code="4">0</subfield>
    <subfield code="7">0</subfield>
    <subfield code="a">BCEJYS</subfield>
    <subfield code="b">BCEJYS</subfield>
    <subfield code="c">17</subfield>
    <subfield code="d">1980-02-01</subfield>
    <subfield code="h">N&#xBA; 86 - feb. 1980</subfield>
    <subfield code="l">0</subfield>
    <subfield code="o">H311.3 CAP 86</subfield>
    <subfield code="p">R15822</subfield>
    <subfield code="r">2026-04-10 16:09:15</subfield>
    <subfield code="w">2026-04-10</subfield>
    <subfield code="y">RN</subfield>
  </datafield>
  <datafield tag="952" ind1=" " ind2=" ">
    <subfield code="0">0</subfield>
    <subfield code="1">0</subfield>
    <subfield code="4">0</subfield>
    <subfield code="7">0</subfield>
    <subfield code="a">BCEJYS</subfield>
    <subfield code="b">BCEJYS</subfield>
    <subfield code="c">17</subfield>
    <subfield code="d">1979-08-01</subfield>
    <subfield code="h">N&#xBA; 80 - ago. 1979</subfield>
    <subfield code="l">0</subfield>
    <subfield code="o">H311.3 CAP 80</subfield>
    <subfield code="p">R15821</subfield>
    <subfield code="r">2026-04-10 16:09:15</subfield>
    <subfield code="w">2026-04-10</subfield>
    <subfield code="y">RN</subfield>
  </datafield>
  <datafield tag="952" ind1=" " ind2=" ">
    <subfield code="0">0</subfield>
    <subfield code="1">0</subfield>
    <subfield code="4">0</subfield>
    <subfield code="7">0</subfield>
    <subfield code="a">BCEJYS</subfield>
    <subfield code="b">BCEJYS</subfield>
    <subfield code="c">17</subfield>
    <subfield code="d">1979-07-01</subfield>
    <subfield code="h">N&#xBA; 79 - jul. 1979</subfield>
    <subfield code="l">0</subfield>
    <subfield code="o">H311.3 CAP 79</subfield>
    <subfield code="p">R15820</subfield>
    <subfield code="r">2026-04-10 16:09:15</subfield>
    <subfield code="w">2026-04-10</subfield>
    <subfield code="y">RN</subfield>
  </datafield>
  <datafield tag="952" ind1=" " ind2=" ">
    <subfield code="0">0</subfield>
    <subfield code="1">0</subfield>
    <subfield code="4">0</subfield>
    <subfield code="7">0</subfield>
    <subfield code="a">BCEJYS</subfield>
    <subfield code="b">BCEJYS</subfield>
    <subfield code="c">17</subfield>
    <subfield code="d">1979-03-01</subfield>
    <subfield code="h">N&#xBA; 75 - mar. 1979</subfield>
    <subfield code="l">0</subfield>
    <subfield code="o">H311.3 CAP 75</subfield>
    <subfield code="p">R15819</subfield>
    <subfield code="r">2026-04-10 16:09:15</subfield>
    <subfield code="w">2026-04-10</subfield>
    <subfield code="y">RN</subfield>
  </datafield>
  <datafield tag="952" ind1=" " ind2=" ">
    <subfield code="0">0</subfield>
    <subfield code="1">0</subfield>
    <subfield code="4">0</subfield>
    <subfield code="7">0</subfield>
    <subfield code="a">BCEJYS</subfield>
    <subfield code="b">BCEJYS</subfield>
    <subfield code="c">17</subfield>
    <subfield code="d">1979-01-01</subfield>
    <subfield code="h">N&#xBA; 73 - ene. 1979</subfield>
    <subfield code="l">0</subfield>
    <subfield code="o">H311.3 CAP 73</subfield>
    <subfield code="p">R15818</subfield>
    <subfield code="r">2026-04-10 16:09:15</subfield>
    <subfield code="w">2026-04-10</subfield>
    <subfield code="y">RN</subfield>
  </datafield>
  <datafield tag="952" ind1=" " ind2=" ">
    <subfield code="0">0</subfield>
    <subfield code="1">0</subfield>
    <subfield code="4">0</subfield>
    <subfield code="7">0</subfield>
    <subfield code="a">BCEJYS</subfield>
    <subfield code="b">BCEJYS</subfield>
    <subfield code="c">17</subfield>
    <subfield code="d">1978-09-01</subfield>
    <subfield code="h">N&#xBA; 69 - sep. 1978</subfield>
    <subfield code="l">0</subfield>
    <subfield code="o">H311.3 CAP 69</subfield>
    <subfield code="p">R15817</subfield>
    <subfield code="r">2026-04-10 16:09:15</subfield>
    <subfield code="w">2026-04-10</subfield>
    <subfield code="y">RN</subfield>
  </datafield>
  <datafield tag="952" ind1=" " ind2=" ">
    <subfield code="0">0</subfield>
    <subfield code="1">0</subfield>
    <subfield code="4">0</subfield>
    <subfield code="7">0</subfield>
    <subfield code="a">BCEJYS</subfield>
    <subfield code="b">BCEJYS</subfield>
    <subfield code="c">17</subfield>
    <subfield code="d">1978-07-01</subfield>
    <subfield code="h">N&#xBA; 67 - jul. 1978</subfield>
    <subfield code="l">0</subfield>
    <subfield code="o">H311.3 CAP 67</subfield>
    <subfield code="p">R15816</subfield>
    <subfield code="r">2026-04-10 16:09:15</subfield>
    <subfield code="w">2026-04-10</subfield>
    <subfield code="y">RN</subfield>
  </datafield>
  <datafield tag="952" ind1=" " ind2=" ">
    <subfield code="0">0</subfield>
    <subfield code="1">0</subfield>
    <subfield code="4">0</subfield>
    <subfield code="7">0</subfield>
    <subfield code="a">BCEJYS</subfield>
    <subfield code="b">BCEJYS</subfield>
    <subfield code="c">17</subfield>
    <subfield code="d">1978-06-01</subfield>
    <subfield code="h">N&#xBA; 66 - jun. 1978</subfield>
    <subfield code="l">0</subfield>
    <subfield code="o">H311.3 CAP 66</subfield>
    <subfield code="p">R15815</subfield>
    <subfield code="r">2026-04-10 16:09:15</subfield>
    <subfield code="w">2026-04-10</subfield>
    <subfield code="y">RN</subfield>
  </datafield>
  <datafield tag="952" ind1=" " ind2=" ">
    <subfield code="0">0</subfield>
    <subfield code="1">0</subfield>
    <subfield code="4">0</subfield>
    <subfield code="7">0</subfield>
    <subfield code="a">BCEJYS</subfield>
    <subfield code="b">BCEJYS</subfield>
    <subfield code="c">17</subfield>
    <subfield code="d">1978-05-01</subfield>
    <subfield code="h">N&#xBA; 65 - mayo 1978</subfield>
    <subfield code="l">0</subfield>
    <subfield code="o">H311.3 CAP 65</subfield>
    <subfield code="p">R15814</subfield>
    <subfield code="r">2026-04-10 16:09:15</subfield>
    <subfield code="w">2026-04-10</subfield>
    <subfield code="y">RN</subfield>
  </datafield>
  <datafield tag="952" ind1=" " ind2=" ">
    <subfield code="0">0</subfield>
    <subfield code="1">0</subfield>
    <subfield code="4">0</subfield>
    <subfield code="7">0</subfield>
    <subfield code="a">BCEJYS</subfield>
    <subfield code="b">BCEJYS</subfield>
    <subfield code="c">17</subfield>
    <subfield code="d">1978-04-01</subfield>
    <subfield code="h">N&#xBA; 64 - abr. 1978</subfield>
    <subfield code="l">0</subfield>
    <subfield code="o">H311.3 CAP 64</subfield>
    <subfield code="p">R15813</subfield>
    <subfield code="r">2026-04-10 16:09:15</subfield>
    <subfield code="w">2026-04-10</subfield>
    <subfield code="y">RN</subfield>
  </datafield>
  <datafield tag="952" ind1=" " ind2=" ">
    <subfield code="0">0</subfield>
    <subfield code="1">0</subfield>
    <subfield code="4">0</subfield>
    <subfield code="7">0</subfield>
    <subfield code="a">BCEJYS</subfield>
    <subfield code="b">BCEJYS</subfield>
    <subfield code="c">17</subfield>
    <subfield code="d">1978-03-01</subfield>
    <subfield code="h">N&#xBA; 63 - mar. 1978</subfield>
    <subfield code="l">0</subfield>
    <subfield code="o">H311.3 CAP 63</subfield>
    <subfield code="p">R15812</subfield>
    <subfield code="r">2026-04-10 16:09:15</subfield>
    <subfield code="w">2026-04-10</subfield>
    <subfield code="y">RN</subfield>
  </datafield>
  <datafield tag="952" ind1=" " ind2=" ">
    <subfield code="0">0</subfield>
    <subfield code="1">0</subfield>
    <subfield code="4">0</subfield>
    <subfield code="7">0</subfield>
    <subfield code="a">BCEJYS</subfield>
    <subfield code="b">BCEJYS</subfield>
    <subfield code="c">17</subfield>
    <subfield code="d">1978-02-01</subfield>
    <subfield code="h">N&#xBA; 62 - feb. 1978</subfield>
    <subfield code="l">0</subfield>
    <subfield code="o">H311.3 CAP 62</subfield>
    <subfield code="p">R15767</subfield>
    <subfield code="r">2026-04-10 16:09:15</subfield>
    <subfield code="w">2026-04-10</subfield>
    <subfield code="y">RN</subfield>
  </datafield>
  <datafield tag="952" ind1=" " ind2=" ">
    <subfield code="0">0</subfield>
    <subfield code="1">0</subfield>
    <subfield code="4">0</subfield>
    <subfield code="7">0</subfield>
    <subfield code="a">BCEJYS</subfield>
    <subfield code="b">BCEJYS</subfield>
    <subfield code="c">17</subfield>
    <subfield code="d">1978-01-01</subfield>
    <subfield code="h">N&#xBA; 61 - ene. 1978</subfield>
    <subfield code="l">0</subfield>
    <subfield code="o">H311.3 CAP 61</subfield>
    <subfield code="p">R15830</subfield>
    <subfield code="r">2026-04-10 16:09:15</subfield>
    <subfield code="w">2026-04-10</subfield>
    <subfield code="y">RN</subfield>
  </datafield>
  <datafield tag="952" ind1=" " ind2=" ">
    <subfield code="0">0</subfield>
    <subfield code="1">0</subfield>
    <subfield code="4">0</subfield>
    <subfield code="7">0</subfield>
    <subfield code="a">BCEJYS</subfield>
    <subfield code="b">BCEJYS</subfield>
    <subfield code="c">17</subfield>
    <subfield code="d">1977-11-01</subfield>
    <subfield code="h">N&#xBA; 59 - nov. 1977</subfield>
    <subfield code="l">0</subfield>
    <subfield code="o">H311.3 CAP 59</subfield>
    <subfield code="p">R15765</subfield>
    <subfield code="r">2026-04-10 16:09:15</subfield>
    <subfield code="w">2026-04-10</subfield>
    <subfield code="y">RN</subfield>
  </datafield>
  <datafield tag="952" ind1=" " ind2=" ">
    <subfield code="0">0</subfield>
    <subfield code="1">0</subfield>
    <subfield code="4">0</subfield>
    <subfield code="7">0</subfield>
    <subfield code="a">BCEJYS</subfield>
    <subfield code="b">BCEJYS</subfield>
    <subfield code="c">17</subfield>
    <subfield code="d">1977-10-01</subfield>
    <subfield code="h">N&#xBA; 58 - oct. 1977</subfield>
    <subfield code="l">0</subfield>
    <subfield code="o">H311.3 CAP 58</subfield>
    <subfield code="p">R15764</subfield>
    <subfield code="r">2026-04-10 16:09:15</subfield>
    <subfield code="w">2026-04-10</subfield>
    <subfield code="y">RN</subfield>
  </datafield>
  <datafield tag="952" ind1=" " ind2=" ">
    <subfield code="0">0</subfield>
    <subfield code="1">0</subfield>
    <subfield code="4">0</subfield>
    <subfield code="7">0</subfield>
    <subfield code="a">BCEJYS</subfield>
    <subfield code="b">BCEJYS</subfield>
    <subfield code="c">17</subfield>
    <subfield code="d">1977-09-01</subfield>
    <subfield code="h">N&#xBA; 57 - sep. 1977</subfield>
    <subfield code="l">0</subfield>
    <subfield code="o">H311.3 CAP 57</subfield>
    <subfield code="p">R15763</subfield>
    <subfield code="r">2026-04-10 16:09:15</subfield>
    <subfield code="w">2026-04-10</subfield>
    <subfield code="y">RN</subfield>
  </datafield>
  <datafield tag="952" ind1=" " ind2=" ">
    <subfield code="0">0</subfield>
    <subfield code="1">0</subfield>
    <subfield code="4">0</subfield>
    <subfield code="7">0</subfield>
    <subfield code="a">BCEJYS</subfield>
    <subfield code="b">BCEJYS</subfield>
    <subfield code="c">17</subfield>
    <subfield code="d">1977-08-01</subfield>
    <subfield code="h">N&#xBA; 56 - ago. 1977</subfield>
    <subfield code="l">0</subfield>
    <subfield code="o">H311.3 CAP 56</subfield>
    <subfield code="p">R15762</subfield>
    <subfield code="r">2026-04-10 16:09:15</subfield>
    <subfield code="w">2026-04-10</subfield>
    <subfield code="y">RN</subfield>
  </datafield>
  <datafield tag="952" ind1=" " ind2=" ">
    <subfield code="0">0</subfield>
    <subfield code="1">0</subfield>
    <subfield code="4">0</subfield>
    <subfield code="7">0</subfield>
    <subfield code="a">BCEJYS</subfield>
    <subfield code="b">BCEJYS</subfield>
    <subfield code="c">17</subfield>
    <subfield code="d">1977-07-01</subfield>
    <subfield code="h">N&#xBA; 55 - jul. 1977</subfield>
    <subfield code="l">0</subfield>
    <subfield code="o">H311.3 CAP 55</subfield>
    <subfield code="p">R15761</subfield>
    <subfield code="r">2026-04-10 16:09:15</subfield>
    <subfield code="w">2026-04-10</subfield>
    <subfield code="y">RN</subfield>
  </datafield>
  <datafield tag="952" ind1=" " ind2=" ">
    <subfield code="0">0</subfield>
    <subfield code="1">0</subfield>
    <subfield code="4">0</subfield>
    <subfield code="7">0</subfield>
    <subfield code="a">BCEJYS</subfield>
    <subfield code="b">BCEJYS</subfield>
    <subfield code="c">17</subfield>
    <subfield code="d">1977-06-01</subfield>
    <subfield code="h">N&#xBA; 54 - jun. 1977</subfield>
    <subfield code="l">0</subfield>
    <subfield code="o">H311.3 CAP 54</subfield>
    <subfield code="p">R15760</subfield>
    <subfield code="r">2026-04-10 16:09:15</subfield>
    <subfield code="w">2026-04-10</subfield>
    <subfield code="y">RN</subfield>
  </datafield>
  <datafield tag="952" ind1=" " ind2=" ">
    <subfield code="0">0</subfield>
    <subfield code="1">0</subfield>
    <subfield code="4">0</subfield>
    <subfield code="7">0</subfield>
    <subfield code="a">BCEJYS</subfield>
    <subfield code="b">BCEJYS</subfield>
    <subfield code="c">17</subfield>
    <subfield code="d">1977-05-01</subfield>
    <subfield code="h">N&#xBA; 53 - mayo 1977</subfield>
    <subfield code="l">0</subfield>
    <subfield code="o">H311.3 CAP 53</subfield>
    <subfield code="p">R15759</subfield>
    <subfield code="r">2026-04-10 16:09:15</subfield>
    <subfield code="w">2026-04-10</subfield>
    <subfield code="y">RN</subfield>
  </datafield>
  <datafield tag="952" ind1=" " ind2=" ">
    <subfield code="0">0</subfield>
    <subfield code="1">0</subfield>
    <subfield code="4">0</subfield>
    <subfield code="7">0</subfield>
    <subfield code="a">BCEJYS</subfield>
    <subfield code="b">BCEJYS</subfield>
    <subfield code="c">17</subfield>
    <subfield code="d">1977-04-01</subfield>
    <subfield code="h">N&#xBA; 52 - abr. 1977</subfield>
    <subfield code="l">0</subfield>
    <subfield code="o">H311.3 CAP 52</subfield>
    <subfield code="p">R15758</subfield>
    <subfield code="r">2026-04-10 16:09:15</subfield>
    <subfield code="w">2026-04-10</subfield>
    <subfield code="y">RN</subfield>
  </datafield>
  <datafield tag="952" ind1=" " ind2=" ">
    <subfield code="0">0</subfield>
    <subfield code="1">0</subfield>
    <subfield code="4">0</subfield>
    <subfield code="7">0</subfield>
    <subfield code="a">BCEJYS</subfield>
    <subfield code="b">BCEJYS</subfield>
    <subfield code="c">17</subfield>
    <subfield code="d">1977-03-01</subfield>
    <subfield code="h">N&#xBA; 51 - mar. 1977</subfield>
    <subfield code="l">0</subfield>
    <subfield code="o">H311.3 CAP 51</subfield>
    <subfield code="p">R15757</subfield>
    <subfield code="r">2026-04-10 16:09:15</subfield>
    <subfield code="w">2026-04-10</subfield>
    <subfield code="y">RN</subfield>
  </datafield>
  <datafield tag="952" ind1=" " ind2=" ">
    <subfield code="0">0</subfield>
    <subfield code="1">0</subfield>
    <subfield code="4">0</subfield>
    <subfield code="7">0</subfield>
    <subfield code="a">BCEJYS</subfield>
    <subfield code="b">BCEJYS</subfield>
    <subfield code="c">17</subfield>
    <subfield code="d">1977-02-01</subfield>
    <subfield code="h">N&#xBA; 50 - feb. 1977</subfield>
    <subfield code="l">0</subfield>
    <subfield code="o">H311.3 CAP 50</subfield>
    <subfield code="p">R15756</subfield>
    <subfield code="r">2026-04-10 16:09:15</subfield>
    <subfield code="w">2026-04-10</subfield>
    <subfield code="y">RN</subfield>
  </datafield>
  <datafield tag="952" ind1=" " ind2=" ">
    <subfield code="0">0</subfield>
    <subfield code="1">0</subfield>
    <subfield code="4">0</subfield>
    <subfield code="7">0</subfield>
    <subfield code="a">BCEJYS</subfield>
    <subfield code="b">BCEJYS</subfield>
    <subfield code="c">17</subfield>
    <subfield code="d">1977-01-01</subfield>
    <subfield code="h">N&#xBA; 49 - ene. 1977</subfield>
    <subfield code="l">0</subfield>
    <subfield code="o">H311.3 CAP 49</subfield>
    <subfield code="p">R15708</subfield>
    <subfield code="r">2026-04-10 16:09:15</subfield>
    <subfield code="w">2026-04-10</subfield>
    <subfield code="y">RN</subfield>
  </datafield>
  <datafield tag="952" ind1=" " ind2=" ">
    <subfield code="0">0</subfield>
    <subfield code="1">0</subfield>
    <subfield code="4">0</subfield>
    <subfield code="7">0</subfield>
    <subfield code="a">BCEJYS</subfield>
    <subfield code="b">BCEJYS</subfield>
    <subfield code="c">17</subfield>
    <subfield code="d">1976-12-01</subfield>
    <subfield code="h">N&#xBA; 48 - dic. 1976</subfield>
    <subfield code="l">0</subfield>
    <subfield code="o">H311.3 CAP 48</subfield>
    <subfield code="p">R15755</subfield>
    <subfield code="r">2026-04-10 16:09:15</subfield>
    <subfield code="w">2026-04-10</subfield>
    <subfield code="y">RN</subfield>
  </datafield>
  <datafield tag="952" ind1=" " ind2=" ">
    <subfield code="0">0</subfield>
    <subfield code="1">0</subfield>
    <subfield code="4">0</subfield>
    <subfield code="7">0</subfield>
    <subfield code="a">BCEJYS</subfield>
    <subfield code="b">BCEJYS</subfield>
    <subfield code="c">17</subfield>
    <subfield code="d">1976-10-01</subfield>
    <subfield code="h">N&#xBA; 46 - oct. 1976</subfield>
    <subfield code="l">0</subfield>
    <subfield code="o">H311.3 CAP 46</subfield>
    <subfield code="p">R15754</subfield>
    <subfield code="r">2026-04-10 16:09:15</subfield>
    <subfield code="w">2026-04-10</subfield>
    <subfield code="y">RN</subfield>
  </datafield>
  <datafield tag="952" ind1=" " ind2=" ">
    <subfield code="0">0</subfield>
    <subfield code="1">0</subfield>
    <subfield code="4">0</subfield>
    <subfield code="7">0</subfield>
    <subfield code="a">BCEJYS</subfield>
    <subfield code="b">BCEJYS</subfield>
    <subfield code="c">17</subfield>
    <subfield code="d">1976-09-01</subfield>
    <subfield code="h">N&#xBA; 45 - sep. 1976</subfield>
    <subfield code="l">0</subfield>
    <subfield code="o">H311.3 CAP 45</subfield>
    <subfield code="p">R15753</subfield>
    <subfield code="r">2026-04-10 16:09:15</subfield>
    <subfield code="w">2026-04-10</subfield>
    <subfield code="y">RN</subfield>
  </datafield>
  <datafield tag="952" ind1=" " ind2=" ">
    <subfield code="0">0</subfield>
    <subfield code="1">0</subfield>
    <subfield code="4">0</subfield>
    <subfield code="7">0</subfield>
    <subfield code="a">BCEJYS</subfield>
    <subfield code="b">BCEJYS</subfield>
    <subfield code="c">17</subfield>
    <subfield code="d">1976-08-01</subfield>
    <subfield code="h">N&#xBA; 44 - ago. 1976</subfield>
    <subfield code="l">0</subfield>
    <subfield code="o">H311.3 CAP 44</subfield>
    <subfield code="p">R15752</subfield>
    <subfield code="r">2026-04-10 16:09:15</subfield>
    <subfield code="w">2026-04-10</subfield>
    <subfield code="y">RN</subfield>
  </datafield>
  <datafield tag="952" ind1=" " ind2=" ">
    <subfield code="0">0</subfield>
    <subfield code="1">0</subfield>
    <subfield code="4">0</subfield>
    <subfield code="7">0</subfield>
    <subfield code="a">BCEJYS</subfield>
    <subfield code="b">BCEJYS</subfield>
    <subfield code="c">17</subfield>
    <subfield code="d">1976-07-01</subfield>
    <subfield code="h">N&#xBA; 43 - jul. 1976</subfield>
    <subfield code="l">0</subfield>
    <subfield code="o">H311.3 CAP 43</subfield>
    <subfield code="p">R15751</subfield>
    <subfield code="r">2026-04-10 16:09:15</subfield>
    <subfield code="w">2026-04-10</subfield>
    <subfield code="y">RN</subfield>
  </datafield>
  <datafield tag="952" ind1=" " ind2=" ">
    <subfield code="0">0</subfield>
    <subfield code="1">0</subfield>
    <subfield code="4">0</subfield>
    <subfield code="7">0</subfield>
    <subfield code="a">BCEJYS</subfield>
    <subfield code="b">BCEJYS</subfield>
    <subfield code="c">17</subfield>
    <subfield code="d">1976-05-01</subfield>
    <subfield code="h">N&#xBA; 41 - mayo 1976</subfield>
    <subfield code="l">0</subfield>
    <subfield code="o">H311.3 CAP 41</subfield>
    <subfield code="p">R15750</subfield>
    <subfield code="r">2026-04-10 16:09:15</subfield>
    <subfield code="w">2026-04-10</subfield>
    <subfield code="y">RN</subfield>
  </datafield>
  <datafield tag="952" ind1=" " ind2=" ">
    <subfield code="0">0</subfield>
    <subfield code="1">0</subfield>
    <subfield code="4">0</subfield>
    <subfield code="7">0</subfield>
    <subfield code="a">BCEJYS</subfield>
    <subfield code="b">BCEJYS</subfield>
    <subfield code="c">17</subfield>
    <subfield code="d">1976-04-01</subfield>
    <subfield code="h">N&#xBA; 40 - abr. 1976</subfield>
    <subfield code="l">0</subfield>
    <subfield code="o">H311.3 CAP 40</subfield>
    <subfield code="p">R15749</subfield>
    <subfield code="r">2026-04-10 16:09:15</subfield>
    <subfield code="w">2026-04-10</subfield>
    <subfield code="y">RN</subfield>
  </datafield>
  <datafield tag="952" ind1=" " ind2=" ">
    <subfield code="0">0</subfield>
    <subfield code="1">0</subfield>
    <subfield code="4">0</subfield>
    <subfield code="7">0</subfield>
    <subfield code="a">BCEJYS</subfield>
    <subfield code="b">BCEJYS</subfield>
    <subfield code="c">17</subfield>
    <subfield code="d">1976-03-01</subfield>
    <subfield code="h">N&#xBA; 39 - mar. 1976</subfield>
    <subfield code="l">0</subfield>
    <subfield code="o">H311.3 CAP 39</subfield>
    <subfield code="p">R15748</subfield>
    <subfield code="r">2026-04-10 16:09:15</subfield>
    <subfield code="w">2026-04-10</subfield>
    <subfield code="y">RN</subfield>
  </datafield>
  <datafield tag="952" ind1=" " ind2=" ">
    <subfield code="0">0</subfield>
    <subfield code="1">0</subfield>
    <subfield code="4">0</subfield>
    <subfield code="7">0</subfield>
    <subfield code="a">BCEJYS</subfield>
    <subfield code="b">BCEJYS</subfield>
    <subfield code="c">17</subfield>
    <subfield code="d">1976-02-01</subfield>
    <subfield code="h">N&#xBA; 38 - feb. 1976</subfield>
    <subfield code="l">0</subfield>
    <subfield code="o">H311.3 CAP 38</subfield>
    <subfield code="p">R15747</subfield>
    <subfield code="r">2026-04-10 16:09:15</subfield>
    <subfield code="w">2026-04-10</subfield>
    <subfield code="y">RN</subfield>
  </datafield>
  <datafield tag="952" ind1=" " ind2=" ">
    <subfield code="0">0</subfield>
    <subfield code="1">0</subfield>
    <subfield code="4">0</subfield>
    <subfield code="7">0</subfield>
    <subfield code="a">BCEJYS</subfield>
    <subfield code="b">BCEJYS</subfield>
    <subfield code="c">17</subfield>
    <subfield code="d">1975-12-01</subfield>
    <subfield code="h">N&#xBA; 36 - dic. 1975</subfield>
    <subfield code="l">0</subfield>
    <subfield code="o">H311.3 CAP 36</subfield>
    <subfield code="p">R15746</subfield>
    <subfield code="r">2026-04-10 16:09:15</subfield>
    <subfield code="w">2026-04-10</subfield>
    <subfield code="y">RN</subfield>
  </datafield>
  <datafield tag="952" ind1=" " ind2=" ">
    <subfield code="0">0</subfield>
    <subfield code="1">0</subfield>
    <subfield code="4">0</subfield>
    <subfield code="7">0</subfield>
    <subfield code="a">BCEJYS</subfield>
    <subfield code="b">BCEJYS</subfield>
    <subfield code="c">17</subfield>
    <subfield code="d">1975-10-01</subfield>
    <subfield code="h">N&#xBA; 34 - oct. 1975</subfield>
    <subfield code="l">0</subfield>
    <subfield code="o">H311.3 CAP 34</subfield>
    <subfield code="p">R15745</subfield>
    <subfield code="r">2026-04-10 16:09:15</subfield>
    <subfield code="w">2026-04-10</subfield>
    <subfield code="y">RN</subfield>
  </datafield>
  <datafield tag="952" ind1=" " ind2=" ">
    <subfield code="0">0</subfield>
    <subfield code="1">0</subfield>
    <subfield code="4">0</subfield>
    <subfield code="7">0</subfield>
    <subfield code="a">BCEJYS</subfield>
    <subfield code="b">BCEJYS</subfield>
    <subfield code="c">17</subfield>
    <subfield code="d">1975-09-01</subfield>
    <subfield code="h">N&#xBA; 33 - sep. 1975</subfield>
    <subfield code="l">0</subfield>
    <subfield code="o">H311.3 CAP 33</subfield>
    <subfield code="p">R15744</subfield>
    <subfield code="r">2026-04-10 16:09:15</subfield>
    <subfield code="w">2026-04-10</subfield>
    <subfield code="y">RN</subfield>
  </datafield>
  <datafield tag="952" ind1=" " ind2=" ">
    <subfield code="0">0</subfield>
    <subfield code="1">0</subfield>
    <subfield code="4">0</subfield>
    <subfield code="7">0</subfield>
    <subfield code="a">BCEJYS</subfield>
    <subfield code="b">BCEJYS</subfield>
    <subfield code="c">17</subfield>
    <subfield code="d">1975-08-01</subfield>
    <subfield code="h">N&#xBA; 32 - ago. 1975</subfield>
    <subfield code="l">0</subfield>
    <subfield code="o">H311.3 CAP 32</subfield>
    <subfield code="p">R15743</subfield>
    <subfield code="r">2026-04-10 16:09:15</subfield>
    <subfield code="w">2026-04-10</subfield>
    <subfield code="y">RN</subfield>
  </datafield>
  <datafield tag="952" ind1=" " ind2=" ">
    <subfield code="0">0</subfield>
    <subfield code="1">0</subfield>
    <subfield code="4">0</subfield>
    <subfield code="7">0</subfield>
    <subfield code="a">BCEJYS</subfield>
    <subfield code="b">BCEJYS</subfield>
    <subfield code="c">17</subfield>
    <subfield code="d">1975-07-01</subfield>
    <subfield code="h">N&#xBA; 31 - jul. 1975</subfield>
    <subfield code="l">0</subfield>
    <subfield code="o">H311.3 CAP 31</subfield>
    <subfield code="p">R15742</subfield>
    <subfield code="r">2026-04-10 16:09:15</subfield>
    <subfield code="w">2026-04-10</subfield>
    <subfield code="y">RN</subfield>
  </datafield>
  <datafield tag="952" ind1=" " ind2=" ">
    <subfield code="0">0</subfield>
    <subfield code="1">0</subfield>
    <subfield code="4">0</subfield>
    <subfield code="7">0</subfield>
    <subfield code="a">BCEJYS</subfield>
    <subfield code="b">BCEJYS</subfield>
    <subfield code="c">17</subfield>
    <subfield code="d">1975-06-01</subfield>
    <subfield code="h">N&#xBA; 30 - jun. 1975</subfield>
    <subfield code="l">0</subfield>
    <subfield code="o">H311.3 CAP 30</subfield>
    <subfield code="p">R15741</subfield>
    <subfield code="r">2026-04-10 16:09:15</subfield>
    <subfield code="w">2026-04-10</subfield>
    <subfield code="y">RN</subfield>
  </datafield>
  <datafield tag="952" ind1=" " ind2=" ">
    <subfield code="0">0</subfield>
    <subfield code="1">0</subfield>
    <subfield code="4">0</subfield>
    <subfield code="7">0</subfield>
    <subfield code="a">BCEJYS</subfield>
    <subfield code="b">BCEJYS</subfield>
    <subfield code="c">17</subfield>
    <subfield code="d">1975-05-01</subfield>
    <subfield code="h">N&#xBA; 29 - mayo 1975</subfield>
    <subfield code="l">0</subfield>
    <subfield code="o">H311.3 CAP 29</subfield>
    <subfield code="p">R15740</subfield>
    <subfield code="r">2026-04-10 16:09:15</subfield>
    <subfield code="w">2026-04-10</subfield>
    <subfield code="y">RN</subfield>
  </datafield>
  <datafield tag="952" ind1=" " ind2=" ">
    <subfield code="0">0</subfield>
    <subfield code="1">0</subfield>
    <subfield code="4">0</subfield>
    <subfield code="7">0</subfield>
    <subfield code="a">BCEJYS</subfield>
    <subfield code="b">BCEJYS</subfield>
    <subfield code="c">17</subfield>
    <subfield code="d">1975-04-01</subfield>
    <subfield code="h">N&#xBA; 28 - abr. 1975</subfield>
    <subfield code="l">0</subfield>
    <subfield code="o">H311.3 CAP 28</subfield>
    <subfield code="p">R15739</subfield>
    <subfield code="r">2026-04-10 16:09:15</subfield>
    <subfield code="w">2026-04-10</subfield>
    <subfield code="y">RN</subfield>
  </datafield>
  <datafield tag="952" ind1=" " ind2=" ">
    <subfield code="0">0</subfield>
    <subfield code="1">0</subfield>
    <subfield code="4">0</subfield>
    <subfield code="7">0</subfield>
    <subfield code="a">BCEJYS</subfield>
    <subfield code="b">BCEJYS</subfield>
    <subfield code="c">17</subfield>
    <subfield code="d">1975-03-01</subfield>
    <subfield code="h">N&#xBA; 27 - mar. 1975</subfield>
    <subfield code="l">0</subfield>
    <subfield code="o">H311.3 CAP 27</subfield>
    <subfield code="p">R15738</subfield>
    <subfield code="r">2026-04-10 16:09:15</subfield>
    <subfield code="w">2026-04-10</subfield>
    <subfield code="y">RN</subfield>
  </datafield>
  <datafield tag="952" ind1=" " ind2=" ">
    <subfield code="0">0</subfield>
    <subfield code="1">0</subfield>
    <subfield code="4">0</subfield>
    <subfield code="7">0</subfield>
    <subfield code="a">BCEJYS</subfield>
    <subfield code="b">BCEJYS</subfield>
    <subfield code="c">17</subfield>
    <subfield code="d">1975-02-01</subfield>
    <subfield code="h">N&#xBA; 26 - feb. 1975</subfield>
    <subfield code="l">0</subfield>
    <subfield code="o">H311.3 CAP 26</subfield>
    <subfield code="p">R15737</subfield>
    <subfield code="r">2026-04-10 16:09:15</subfield>
    <subfield code="w">2026-04-10</subfield>
    <subfield code="y">RN</subfield>
  </datafield>
  <datafield tag="952" ind1=" " ind2=" ">
    <subfield code="0">0</subfield>
    <subfield code="1">0</subfield>
    <subfield code="4">0</subfield>
    <subfield code="7">0</subfield>
    <subfield code="a">BCEJYS</subfield>
    <subfield code="b">BCEJYS</subfield>
    <subfield code="c">17</subfield>
    <subfield code="d">1974-12-01</subfield>
    <subfield code="h">N&#xBA; 24 - dic. 1974</subfield>
    <subfield code="l">0</subfield>
    <subfield code="o">H311.3 CAP 24</subfield>
    <subfield code="p">R15736</subfield>
    <subfield code="r">2026-04-10 16:09:15</subfield>
    <subfield code="w">2026-04-10</subfield>
    <subfield code="y">RN</subfield>
  </datafield>
  <datafield tag="952" ind1=" " ind2=" ">
    <subfield code="0">0</subfield>
    <subfield code="1">0</subfield>
    <subfield code="4">0</subfield>
    <subfield code="7">0</subfield>
    <subfield code="a">BCEJYS</subfield>
    <subfield code="b">BCEJYS</subfield>
    <subfield code="c">17</subfield>
    <subfield code="d">1974-11-01</subfield>
    <subfield code="h">N&#xBA; 23 - nov. 1974</subfield>
    <subfield code="l">0</subfield>
    <subfield code="o">H311.3 CAP 23</subfield>
    <subfield code="p">R15735</subfield>
    <subfield code="r">2026-04-10 16:09:15</subfield>
    <subfield code="w">2026-04-10</subfield>
    <subfield code="y">RN</subfield>
  </datafield>
  <datafield tag="952" ind1=" " ind2=" ">
    <subfield code="0">0</subfield>
    <subfield code="1">0</subfield>
    <subfield code="4">0</subfield>
    <subfield code="7">0</subfield>
    <subfield code="a">BCEJYS</subfield>
    <subfield code="b">BCEJYS</subfield>
    <subfield code="c">17</subfield>
    <subfield code="d">1974-10-01</subfield>
    <subfield code="h">N&#xBA; 22 - oct. 1974</subfield>
    <subfield code="l">0</subfield>
    <subfield code="o">H311.3 CAP 22</subfield>
    <subfield code="p">R15734</subfield>
    <subfield code="r">2026-04-10 16:09:15</subfield>
    <subfield code="w">2026-04-10</subfield>
    <subfield code="y">RN</subfield>
  </datafield>
  <datafield tag="952" ind1=" " ind2=" ">
    <subfield code="0">0</subfield>
    <subfield code="1">0</subfield>
    <subfield code="4">0</subfield>
    <subfield code="7">0</subfield>
    <subfield code="a">BCEJYS</subfield>
    <subfield code="b">BCEJYS</subfield>
    <subfield code="c">17</subfield>
    <subfield code="d">1974-08-01</subfield>
    <subfield code="h">N&#xBA; 20 - ago. 1974</subfield>
    <subfield code="l">0</subfield>
    <subfield code="o">H311.3 CAP 20</subfield>
    <subfield code="p">R15733</subfield>
    <subfield code="r">2026-04-10 16:09:15</subfield>
    <subfield code="w">2026-04-10</subfield>
    <subfield code="y">RN</subfield>
  </datafield>
  <datafield tag="952" ind1=" " ind2=" ">
    <subfield code="0">0</subfield>
    <subfield code="1">0</subfield>
    <subfield code="4">0</subfield>
    <subfield code="7">0</subfield>
    <subfield code="a">BCEJYS</subfield>
    <subfield code="b">BCEJYS</subfield>
    <subfield code="c">17</subfield>
    <subfield code="d">1974-07-01</subfield>
    <subfield code="h">N&#xBA; 19 - jul. 1974</subfield>
    <subfield code="l">0</subfield>
    <subfield code="o">H311.3 CAP 19</subfield>
    <subfield code="p">R15732</subfield>
    <subfield code="r">2026-04-10 16:09:15</subfield>
    <subfield code="w">2026-04-10</subfield>
    <subfield code="y">RN</subfield>
  </datafield>
  <datafield tag="952" ind1=" " ind2=" ">
    <subfield code="0">0</subfield>
    <subfield code="1">0</subfield>
    <subfield code="4">0</subfield>
    <subfield code="7">0</subfield>
    <subfield code="a">BCEJYS</subfield>
    <subfield code="b">BCEJYS</subfield>
    <subfield code="c">17</subfield>
    <subfield code="d">1974-06-01</subfield>
    <subfield code="h">N&#xBA; 18 - jun. 1974</subfield>
    <subfield code="l">0</subfield>
    <subfield code="o">H311.3 CAP 18</subfield>
    <subfield code="p">R15731</subfield>
    <subfield code="r">2026-04-10 16:09:15</subfield>
    <subfield code="w">2026-04-10</subfield>
    <subfield code="y">RN</subfield>
  </datafield>
  <datafield tag="952" ind1=" " ind2=" ">
    <subfield code="0">0</subfield>
    <subfield code="1">0</subfield>
    <subfield code="4">0</subfield>
    <subfield code="7">0</subfield>
    <subfield code="a">BCEJYS</subfield>
    <subfield code="b">BCEJYS</subfield>
    <subfield code="c">17</subfield>
    <subfield code="d">1974-05-01</subfield>
    <subfield code="h">N&#xBA; 17 - mayo 1974</subfield>
    <subfield code="l">0</subfield>
    <subfield code="o">H311.3 CAP 17</subfield>
    <subfield code="p">R15730</subfield>
    <subfield code="r">2026-04-10 16:09:15</subfield>
    <subfield code="w">2026-04-10</subfield>
    <subfield code="y">RN</subfield>
  </datafield>
  <datafield tag="952" ind1=" " ind2=" ">
    <subfield code="0">0</subfield>
    <subfield code="1">0</subfield>
    <subfield code="4">0</subfield>
    <subfield code="7">0</subfield>
    <subfield code="a">BCEJYS</subfield>
    <subfield code="b">BCEJYS</subfield>
    <subfield code="c">17</subfield>
    <subfield code="d">1974-04-01</subfield>
    <subfield code="h">N&#xBA; 16 - abr. 1974</subfield>
    <subfield code="l">0</subfield>
    <subfield code="o">H311.3 CAP 16</subfield>
    <subfield code="p">R15729</subfield>
    <subfield code="r">2026-04-10 16:09:15</subfield>
    <subfield code="w">2026-04-10</subfield>
    <subfield code="y">RN</subfield>
  </datafield>
  <datafield tag="952" ind1=" " ind2=" ">
    <subfield code="0">0</subfield>
    <subfield code="1">0</subfield>
    <subfield code="4">0</subfield>
    <subfield code="7">0</subfield>
    <subfield code="a">BCEJYS</subfield>
    <subfield code="b">BCEJYS</subfield>
    <subfield code="c">17</subfield>
    <subfield code="d">1974-03-01</subfield>
    <subfield code="h">N&#xBA; 15 - mar. 1974</subfield>
    <subfield code="l">0</subfield>
    <subfield code="o">H311.3 CAP 15</subfield>
    <subfield code="p">R15728</subfield>
    <subfield code="r">2026-04-10 16:09:16</subfield>
    <subfield code="w">2026-04-10</subfield>
    <subfield code="y">RN</subfield>
  </datafield>
  <datafield tag="952" ind1=" " ind2=" ">
    <subfield code="0">0</subfield>
    <subfield code="1">0</subfield>
    <subfield code="4">0</subfield>
    <subfield code="7">0</subfield>
    <subfield code="a">BCEJYS</subfield>
    <subfield code="b">BCEJYS</subfield>
    <subfield code="c">17</subfield>
    <subfield code="d">1974-02-01</subfield>
    <subfield code="h">N&#xBA; 14 - feb. 1974</subfield>
    <subfield code="l">0</subfield>
    <subfield code="o">H311.3 CAP 14</subfield>
    <subfield code="p">R15727</subfield>
    <subfield code="r">2026-04-10 16:09:16</subfield>
    <subfield code="w">2026-04-10</subfield>
    <subfield code="y">RN</subfield>
  </datafield>
  <datafield tag="952" ind1=" " ind2=" ">
    <subfield code="0">0</subfield>
    <subfield code="1">0</subfield>
    <subfield code="4">0</subfield>
    <subfield code="7">0</subfield>
    <subfield code="a">BCEJYS</subfield>
    <subfield code="b">BCEJYS</subfield>
    <subfield code="c">17</subfield>
    <subfield code="d">1974-01-01</subfield>
    <subfield code="h">N&#xBA; 13 - ene. 1974</subfield>
    <subfield code="l">0</subfield>
    <subfield code="o">H311.3 CAP 13</subfield>
    <subfield code="p">R15726</subfield>
    <subfield code="r">2026-04-10 16:09:16</subfield>
    <subfield code="w">2026-04-10</subfield>
    <subfield code="y">RN</subfield>
  </datafield>
  <datafield tag="952" ind1=" " ind2=" ">
    <subfield code="0">0</subfield>
    <subfield code="1">0</subfield>
    <subfield code="4">0</subfield>
    <subfield code="7">0</subfield>
    <subfield code="a">BCEJYS</subfield>
    <subfield code="b">BCEJYS</subfield>
    <subfield code="c">17</subfield>
    <subfield code="d">1973-12-01</subfield>
    <subfield code="h">N&#xBA; 12 - dic. 1973</subfield>
    <subfield code="l">0</subfield>
    <subfield code="o">H311.3 CAP 12</subfield>
    <subfield code="p">R15725</subfield>
    <subfield code="r">2026-04-10 16:09:16</subfield>
    <subfield code="w">2026-04-10</subfield>
    <subfield code="y">RN</subfield>
  </datafield>
  <datafield tag="952" ind1=" " ind2=" ">
    <subfield code="0">0</subfield>
    <subfield code="1">0</subfield>
    <subfield code="4">0</subfield>
    <subfield code="7">0</subfield>
    <subfield code="a">BCEJYS</subfield>
    <subfield code="b">BCEJYS</subfield>
    <subfield code="c">17</subfield>
    <subfield code="d">1973-11-01</subfield>
    <subfield code="h">N&#xBA; 11 - nov. 1973</subfield>
    <subfield code="l">0</subfield>
    <subfield code="o">H311.3 CAP 11</subfield>
    <subfield code="p">R15724</subfield>
    <subfield code="r">2026-04-10 16:09:16</subfield>
    <subfield code="w">2026-04-10</subfield>
    <subfield code="y">RN</subfield>
  </datafield>
  <datafield tag="952" ind1=" " ind2=" ">
    <subfield code="0">0</subfield>
    <subfield code="1">0</subfield>
    <subfield code="4">0</subfield>
    <subfield code="7">0</subfield>
    <subfield code="a">BCEJYS</subfield>
    <subfield code="b">BCEJYS</subfield>
    <subfield code="c">17</subfield>
    <subfield code="d">1973-10-01</subfield>
    <subfield code="h">N&#xBA; 10 - oct. 1973</subfield>
    <subfield code="l">0</subfield>
    <subfield code="o">H311.3 CAP 10</subfield>
    <subfield code="p">R15723</subfield>
    <subfield code="r">2026-04-10 16:09:16</subfield>
    <subfield code="w">2026-04-10</subfield>
    <subfield code="y">RN</subfield>
  </datafield>
  <datafield tag="952" ind1=" " ind2=" ">
    <subfield code="0">0</subfield>
    <subfield code="1">0</subfield>
    <subfield code="4">0</subfield>
    <subfield code="7">0</subfield>
    <subfield code="a">BCEJYS</subfield>
    <subfield code="b">BCEJYS</subfield>
    <subfield code="c">17</subfield>
    <subfield code="d">1973-09-01</subfield>
    <subfield code="h">N&#xBA; 9 - sep. 1973</subfield>
    <subfield code="l">0</subfield>
    <subfield code="o">H311.3 CAP 9</subfield>
    <subfield code="p">R15722</subfield>
    <subfield code="r">2026-04-10 16:09:16</subfield>
    <subfield code="w">2026-04-10</subfield>
    <subfield code="y">RN</subfield>
  </datafield>
  <datafield tag="952" ind1=" " ind2=" ">
    <subfield code="0">0</subfield>
    <subfield code="1">0</subfield>
    <subfield code="4">0</subfield>
    <subfield code="7">0</subfield>
    <subfield code="a">BCEJYS</subfield>
    <subfield code="b">BCEJYS</subfield>
    <subfield code="c">17</subfield>
    <subfield code="d">1973-08-01</subfield>
    <subfield code="h">N&#xBA; 8 - ago. 1973</subfield>
    <subfield code="l">0</subfield>
    <subfield code="o">H311.3 CAP 8</subfield>
    <subfield code="p">R15721</subfield>
    <subfield code="r">2026-04-10 16:09:16</subfield>
    <subfield code="w">2026-04-10</subfield>
    <subfield code="y">RN</subfield>
  </datafield>
  <datafield tag="952" ind1=" " ind2=" ">
    <subfield code="0">0</subfield>
    <subfield code="1">0</subfield>
    <subfield code="4">0</subfield>
    <subfield code="7">0</subfield>
    <subfield code="a">BCEJYS</subfield>
    <subfield code="b">BCEJYS</subfield>
    <subfield code="c">17</subfield>
    <subfield code="d">1973-07-01</subfield>
    <subfield code="h">N&#xBA; 7 - jul. 1973</subfield>
    <subfield code="l">0</subfield>
    <subfield code="o">H311.3 CAP 7</subfield>
    <subfield code="p">R15720</subfield>
    <subfield code="r">2026-04-10 16:09:16</subfield>
    <subfield code="w">2026-04-10</subfield>
    <subfield code="y">RN</subfield>
  </datafield>
  <datafield tag="952" ind1=" " ind2=" ">
    <subfield code="0">0</subfield>
    <subfield code="1">0</subfield>
    <subfield code="4">0</subfield>
    <subfield code="7">0</subfield>
    <subfield code="a">BCEJYS</subfield>
    <subfield code="b">BCEJYS</subfield>
    <subfield code="c">17</subfield>
    <subfield code="d">1973-06-01</subfield>
    <subfield code="h">N&#xBA; 6 - jun. 1973</subfield>
    <subfield code="l">0</subfield>
    <subfield code="o">H311.3 CAP 6</subfield>
    <subfield code="p">R15719</subfield>
    <subfield code="r">2026-04-10 16:09:16</subfield>
    <subfield code="w">2026-04-10</subfield>
    <subfield code="y">RN</subfield>
  </datafield>
  <datafield tag="952" ind1=" " ind2=" ">
    <subfield code="0">0</subfield>
    <subfield code="1">0</subfield>
    <subfield code="4">0</subfield>
    <subfield code="7">0</subfield>
    <subfield code="a">BCEJYS</subfield>
    <subfield code="b">BCEJYS</subfield>
    <subfield code="c">17</subfield>
    <subfield code="d">1973-05-01</subfield>
    <subfield code="h">N&#xBA; 5 - mayo 1973</subfield>
    <subfield code="l">0</subfield>
    <subfield code="o">H311.3 CAP 5</subfield>
    <subfield code="p">R15718</subfield>
    <subfield code="r">2026-04-10 16:09:16</subfield>
    <subfield code="w">2026-04-10</subfield>
    <subfield code="y">RN</subfield>
  </datafield>
  <datafield tag="952" ind1=" " ind2=" ">
    <subfield code="0">0</subfield>
    <subfield code="1">0</subfield>
    <subfield code="4">0</subfield>
    <subfield code="7">0</subfield>
    <subfield code="a">BCEJYS</subfield>
    <subfield code="b">BCEJYS</subfield>
    <subfield code="c">17</subfield>
    <subfield code="d">1973-04-01</subfield>
    <subfield code="h">N&#xBA; 4 - abr. 1973</subfield>
    <subfield code="l">0</subfield>
    <subfield code="o">H311.3 CAP 4</subfield>
    <subfield code="p">R15717</subfield>
    <subfield code="r">2026-04-10 16:09:16</subfield>
    <subfield code="w">2026-04-10</subfield>
    <subfield code="y">RN</subfield>
  </datafield>
  <datafield tag="952" ind1=" " ind2=" ">
    <subfield code="0">0</subfield>
    <subfield code="1">0</subfield>
    <subfield code="4">0</subfield>
    <subfield code="7">0</subfield>
    <subfield code="a">BCEJYS</subfield>
    <subfield code="b">BCEJYS</subfield>
    <subfield code="c">17</subfield>
    <subfield code="d">1973-03-01</subfield>
    <subfield code="h">N&#xBA; 3 - mar. 1973</subfield>
    <subfield code="l">0</subfield>
    <subfield code="o">H311.3 CAP 3</subfield>
    <subfield code="p">R15716</subfield>
    <subfield code="r">2026-04-10 16:09:16</subfield>
    <subfield code="w">2026-04-10</subfield>
    <subfield code="y">RN</subfield>
  </datafield>
  <datafield tag="952" ind1=" " ind2=" ">
    <subfield code="0">0</subfield>
    <subfield code="1">0</subfield>
    <subfield code="4">0</subfield>
    <subfield code="7">0</subfield>
    <subfield code="a">BCEJYS</subfield>
    <subfield code="b">BCEJYS</subfield>
    <subfield code="c">17</subfield>
    <subfield code="d">1973-02-01</subfield>
    <subfield code="h">N&#xBA; 2 - feb. 1973</subfield>
    <subfield code="l">0</subfield>
    <subfield code="o">H311.3 CAP 2</subfield>
    <subfield code="p">R15715</subfield>
    <subfield code="r">2026-04-10 16:09:16</subfield>
    <subfield code="w">2026-04-10</subfield>
    <subfield code="y">RN</subfield>
  </datafield>
  <datafield tag="952" ind1=" " ind2=" ">
    <subfield code="0">0</subfield>
    <subfield code="1">0</subfield>
    <subfield code="4">0</subfield>
    <subfield code="7">0</subfield>
    <subfield code="a">BCEJYS</subfield>
    <subfield code="b">BCEJYS</subfield>
    <subfield code="c">17</subfield>
    <subfield code="d">1973-01-01</subfield>
    <subfield code="h">N&#xBA; 1 - ene. 1973</subfield>
    <subfield code="l">0</subfield>
    <subfield code="o">H311.3 CAP 1</subfield>
    <subfield code="p">R15714</subfield>
    <subfield code="r">2026-04-10 16:09:16</subfield>
    <subfield code="w">2026-04-10</subfield>
    <subfield code="y">RN</subfield>
  </datafield>
</record>
